000 00366nam a22001577a 4500
003 MPLRDC
005 20220104113831.0
008 210129b ||||| |||| 00| 0 eng d
082 _a782.892 ZFX c.3*
100 _a郑丰喜著
245 _a汪洋中的一条船
_c
260 _a
_b远东出版社
_c
300 _b
650 _a
942 _cBK
_o782.892 ZFX c.3*
999 _c2712
_d2702